Countries that Visit California the Most - Statistics

General Stats
  • This quiz has been taken 72 times
  • The average score is 11 of 12
Answer Stats
#Visits Country % Correct
1.6M Canada
100%
7.6M Mexico
100%
1.6M China
96%
510k France
96%
340k Germany
94%
255k Spain
90%
754k United Kingdom
90%
475k India
88%
360k Japan
88%
290k Italy
85%
395k Australia
77%
430k South Korea
75%
No matching quizzes found
Score Distribution
Percent of People with Each Score
Percentile by Number Answered
Your Score History
You have not taken this quiz